| 000 | 00577cam a22002291 4500 | ||
|---|---|---|---|
| 001 | sa 65010680 | ||
| 003 | DLC | ||
| 005 | 20260227112210.0 | ||
| 008 | 940615m19631964ii 000 0 beno | ||
| 010 | _asa 65010680 | ||
| 025 | _aPL480:EP-B-647 | ||
| 035 | _a(OCoLC)30612770 | ||
| 040 |
_aDLC _cCU _dCU _dDLC |
||
| 042 | _apremarc | ||
| 050 | 0 | 0 |
_aBP75.5 _b.H3 |
| 100 | 1 | _aHasan, S. M. Abu. | |
| 245 | 1 | 0 | _aBiśvanabīra cāra sahacara. |
| 260 | _c[1963/64] | ||
| 300 |
_a256 p. _c19 cm. |
||
| 500 | _aIn Bengali. | ||
| 600 | 0 | 0 |
_aMuḥammad, _cProphet, _d-632 _xCompanions. |
| 999 |
_c66872 _d66872 |
||